LEADER 01655nas a2200277 i 4500 001 000000003032 003 CaOOAMICUS 005 20210513133747.0 008 180830c19829999sp tr p u0 0spa r 022 $a0212-1964 040 $aSeMil$bita 245 00$aTeología y catequesis. 260 $aMadrid :$bFacultad de Teología "San Dámaso",$c1982- 300 $a24 cm. 310 $aQuadrimestrale 362 0 $a1982- 500 $aDal núm. 61 (Enero-Marzo 1997) il formato varia in : 23 cm. - Dal núm. 125 (Enero-Abril 2013) la periodicità varia in : Quadrimestrale. 510 4 $aCod. rivista ACNP:$cPT 2890940 710 2 $aFacultad de Teología San Dámaso .$0(OLS)http://semarc/name/1919 850 $aSeMil 852 $aSeMil$W1$xVenegono$y1$pCliccare per visualizzare collocazione, posseduto cumulativo e fascicoli ricevuti dell?annata corrente

Cliccare per visualizzare eventuali spogli (alla eventuale voce ?Indici? in fondo di pagina)$B228563$CSeMilBibl$Z2$F228563 $85 961 $aCambio: La Scuola Cattolica 996 $6022$a0212-1964$9(OLS)http://semarc/number/559 996 $6245$aTeología y catequesis$9(OLS)http://semarc/title/5156 996 $6260$aMadrid :$bFacultad de Teología "San Dámaso"$9(OLS)http://semarc/publisher/31020 LEADER 01105nam a2200229 i 4500 001 000000180610 003 CaOOAMICUS 005 20090716000000.0 008 090716s1918 it u000 u ita u 013 $a158290 040 $aSeMil$bita 100 1 $aCallus, Daniele M.$0(OLS)http://semarc/name/66825 245 13$aIl P. Domenico Ottomano :$b(fu vero principe?) Saggio storico-critico /$cP. Daniele M. Callus S. Th. Lect. O. P. Professore al Seminario Maggiore di Malta. 260 $aRoma :$bCooperativa Tipografica Maurizio,$c1918. 300 $aXXIII, 188 p. :$bill. ;$c22 cm. 500 $aContiene : Appendice ; Bibliografia. 650 4$aDomenico Ottomano .$0(OLS)http://semarc/subject/34311 650 4$aVenezia e Turchia - Sec. 17.$0(OLS)http://semarc/subject/34312 850 $aSeMil 852 $aSeMil$W1$xVenegono$y1$m3C IV 70$j131358$B131358$CSeMilBibl$Z2$F143202 $81 996 $6245$aIl P. Domenico Ottomano :$b(fu vero principe?) Saggio storico-critico$9(OLS)http://semarc/title/259345 996 $6260$aRoma :$bCooperativa Tipografica Maurizio$9(OLS)http://semarc/publisher/49584